Genetické algoritmy a skupinová inteligencia

Na minha lista:
Detalhes bibliográficos
Autor principal: Bedej, Tomáš (Author)
Outros Autores: Hudec, Ján (Thesis advisor)
Formato: Manuscrito Livro
Idioma:eslovaco
Publicado em: 2020
Assuntos:
Acesso em linha:http://is.stuba.sk/zp/portal_zp.pl?podrobnosti=134708
Tags: Adicionar Tag
Sem tags, seja o primeiro a adicionar uma tag!

MARC

LEADER 00000ntm a22000003a 4500
001 stuzp80512
003 SK-STU
005 20200620211632.4
007 ta
008 150427s2015----xo-----f-mn---000-0-slo-d
040 |a STU  |b slo 
041 0 |a slo 
100 1 |a Bedej, Tomáš  |u 070400  |4 aut  |U FIIT Fakulta informatiky a informačných technológií  |T FIIT Ústav počítačového inžinierstva a aplikovanej informatiky  |X 85766  |U I400  |Y 672  |7 85766 
242 0 1 |a Genetic algorithms and swarm intelligence  |y eng 
245 1 0 |a Genetické algoritmy a skupinová inteligencia 
260 |c 2020 
650 4 |a skupinová inteligencia  |2 slo 
650 4 |a genetický algoritmus  |2 slo 
650 4 |a metaheuristika  |2 slo 
650 4 |a evolučný algoritmus  |2 slo 
650 4 |a vizualizácia  |2 slo 
650 4 |a problém obchodného cestujúceho  |2 slo 
650 4 |a splniteľnosť logických formúl  |2 slo 
650 4 |a hľadanie extrému funkcie  |2 slo 
650 4 |a genetic algorithm  |2 eng 
650 4 |a swarm intelligence  |2 eng 
650 4 |a metaheuristics  |2 eng 
650 4 |a visualization  |2 eng 
650 4 |a evolutionary algorithm  |2 eng 
650 4 |a travelling salesman problem  |2 eng 
650 4 |a satisfiability  |2 eng 
650 4 |a function extreme search  |2 eng 
700 1 |a Hudec, Ján  |u 070400  |k Z1  |4 ths  |U FIIT Fakulta informatiky a informačných technológií  |T FIIT Ústav počítačového inžinierstva a aplikovanej informatiky  |X 1995  |U I400  |Y 672  |7 A000001995 
856 4 |u http://is.stuba.sk/zp/portal_zp.pl?podrobnosti=134708